000
00320nam a2200145Ia 4500
100
_a
Henriksen/E.K.
942
_c
BK
654
_a
jig & fixture
245
_a
Jig & fixture design manual
260
_b
Industrial Press
_a
New York
_c
1973
082
_a
621.992
_b
HEN
300
_a
312
546
_a
ENGLISH
999
_c
22893
_d
22893